| 000 | 00000nam 2200000za 4500 |
| 001 | 9.849073 |
| 003 | CaOODSP |
| 005 | 20221107153829 |
| 007 | cr ||||||||||| |
| 008 | 171220s2017 oncd #o f000 0 fre d |
| 040 | |aCaOODSP|bfre |
| 043 | |an-cn--- |
| 086 | 1 |aF2-262/2-2017F-PDF |
| 245 | 00|aBonification de la prestation fiscale pour le revenu de travail |h[ressource électronique] : |bdocument d'information. |
| 260 | |a[Ottawa?] : |bMinistère des Finances Canada, |c[2017?] |
| 300 | |a2 p. : |bgraphiques |
| 500 | |aTitre de départ. |
| 500 | |aPubl. aussi en anglais sous le titre : Enhancing the Working Income Tax Benefit : backgrounder. |
| 520 | |a« La prestation fiscale pour le revenu de travail (PFRT) est un crédit d’impôt remboursable qui soutient les travailleurs à faible revenu. Cette mesure offre un soutien du revenu important aux Canadiennes et aux Canadiens à faible revenu afin d’améliorer la rémunération provenant d’un emploi. En 2016, la PFRT a fourni un soutien de plus de 1,1 milliard de dollars en prestations à plus de 1,4 million de Canadiens » -- p. [1]. |
| 692 | 07|2gccst|aFaible revenu |
| 692 | 07|2gccst|aAvantages sociaux |
| 692 | 07|2gccst|aPolitique gouvernementale |
| 710 | 1 |aCanada. |bMinistère des finances. |
| 775 | 08|tEnhancing the Working Income Tax Benefit |w(CaOODSP)9.849071 |
| 856 | 40|qPDF|s72 Ko|uhttps://publications.gc.ca/collections/collection_2017/fin/F2-262-2-2017-fra.pdf |